Fire Emblem Playable Characters - F - Statistics

General Stats
  • This quiz has been taken 113 times
  • The average score is 27 of 38
Answer Stats
Answer % Correct
Florina
97%
Fae
93%
Felix
93%
Fiora
93%
Farina
90%
Felicia
90%
Faye
86%
Flayn
86%
Flora
86%
Fred
86%
Frederick
86%
Fee
83%
Fiona
83%
Febail
79%
Framme
79%
Frey
76%
Fáfnir
72%
Ferdinand
72%
Fjorm
72%
Forde
72%
Franz
72%
Fargus
69%
Fergus
69%
Fir
69%
Fogado
69%
Freyja
69%
Freyr
69%
Fado
62%
Finn
62%
Forrest
62%
Fernand
55%
Flavia
55%
Forsyth
55%
Flame Emperor
48%
Fuga
48%
Fomortiis
45%
Frost
45%
Funke
38%
No matching quizzes found
Score Distribution
Percent of People with Each Score
Percentile by Number Answered
Your Score History
You have not taken this quiz